Diseño de 1.5 Km de Estructura de pavimento articulado, por el método Aashto-93, del tramo de carretera El Cipian Miramar, en el Municipio de Las Sabanas, Departamento de Madriz

El presente estudio denominado diseño de 1.5 km de pavimento articulado, por el método aashto 93, del tramo de carretera El Cipián-Miramar, en el municipio de Las Sabanas, departamento de Madrid, presenta la información básica y los criterios necesarios para el diseño de la estructura de pavim...

Full description

Bibliographic Details
Main Author: Jiménez Zavala, Ervin Antonio
Other Authors: Tutor: López Peña, Orlando Anastasio
Format: Tesis Section = Libro
Language:Undetermined
Spanish
Published: Managua UNI/RUACS 2015
Subjects:
LEADER 01215nam a2200241Ia 4500
008 240830s9999 xx 000 0 und d
040 |a BIBLIOTECA-RUPAP T.Mon 625.85 J61 
041 |a spa 
082 |a T.Mon 625.85 J61 
100 1 |a Jiménez Zavala, Ervin Antonio 
245 1 0 |a Diseño de 1.5 Km de Estructura de pavimento articulado, por el método Aashto-93, del tramo de carretera El Cipian Miramar, en el Municipio de Las Sabanas, Departamento de Madriz 
260 |a Managua  |b UNI/RUACS  |c 2015 
300 |a 74 p. :il. 
500 |a Contiene: anexos y CD. 
502 |a Tesis (Ingeniero Civil)- UNI, 2015. 
520 3 |a El presente estudio denominado diseño de 1.5 km de pavimento articulado, por el método aashto 93, del tramo de carretera El Cipián-Miramar, en el municipio de Las Sabanas, departamento de Madrid, presenta la información básica y los criterios necesarios para el diseño de la estructura de pavimento con adoquín aplicando el método AASHTO-93. 
650 7 |a PAVIMENTOS 
650 7 |b PAVIMENTOS ARTICULADO-DISEÑO 
650 7 |c CARRETERAS-MANTENIMIENTO Y REPARACION 
700 1 |a Tutor:  |b López Peña, Orlando Anastasio 
942 |c BK  |2 ddc 
991 |a TESIS 
999 |c 18348